Politik dalam perspektif pemikiran falsafah dan teori / (Record no. 1552)
[ view plain ]
| 000 -LEADER | |
|---|---|
| fixed length control field | nam a22 a 4500 |
| 003 - CONTROL NUMBER IDENTIFIER | |
| control field | AKMAL |
| 005 - DATE AND TIME OF LATEST TRANSACTION | |
| control field | 20170511091001.0 |
| 008 - FIXED-LENGTH DATA ELEMENTS--GENERAL INFORMATION | |
| fixed length control field | 170511s1994 my a00 may d |
| 020 ## - INTERNATIONAL STANDARD BOOK NUMBER | |
| International Standard Book Number | 9836240349: |
| Terms of availability | RM 30.00 |
| 040 ## - CATALOGING SOURCE | |
| Original cataloging agency | AKMAL |
| 082 04 - DEWEY DECIMAL CLASSIFICATION NUMBER | |
| Classification number | 320 MIL |
| 090 ## - LOCALLY ASSIGNED LC-TYPE CALL NUMBER (OCLC); LOCAL CALL NUMBER (RLIN) | |
| Classification number (OCLC) (R) ; Classification number, CALL (RLIN) (NR) | 320 |
| Local cutter number (OCLC) ; Book number/undivided call number, CALL (RLIN) | MIL |
| 245 ## - TITLE STATEMENT | |
| Title | Politik dalam perspektif pemikiran falsafah dan teori / |
| Statement of responsibility, etc. | editor David Miller, Larry Siedentop ; diubahsuai ke bahasa Melayu oleh A.Rahim Abdullah |
| 260 ## - PUBLICATION, DISTRIBUTION, ETC. | |
| Place of publication, distribution, etc. | Kuala Lumpur : |
| Name of publisher, distributor, etc. | Dewan Bahasa dan Pustaka, |
| Date of publication, distribution, etc. | 1994 |
| 300 ## - PHYSICAL DESCRIPTION | |
| Extent | 296ms. : |
| Other physical details | ; |
| Dimensions | 22cm |
| 500 ## - GENERAL NOTE | |
| General note | Mengandungi indeks |
| 500 ## - GENERAL NOTE | |
| General note | Karya adaptasi dari: Politik dalam perspektif pemikiran, filsafat dan teori. - Jakarta: Penerbit C.V. Rajawali, 1986 |
| 504 ## - BIBLIOGRAPHY, ETC. NOTE | |
| Bibliography, etc. note | Bibliografi: ms. 281-290 |
| 600 10 - SUBJECT ADDED ENTRY--PERSONAL NAME | |
| Personal name | Plamenatz, John Petrov |
| 9 (RLIN) | 3119 |
| 600 10 - SUBJECT ADDED ENTRY--PERSONAL NAME | |
| Personal name | Plamenatz, John Petrov |
| General subdivision | Bibliography |
| 9 (RLIN) | 3120 |
| 650 ## - SUBJECT ADDED ENTRY--TOPICAL TERM | |
| Topical term or geographic name entry element | Political science |
| General subdivision | Philosophy |
| 9 (RLIN) | 3121 |
| 650 ## - SUBJECT ADDED ENTRY--TOPICAL TERM | |
| Topical term or geographic name entry element | Political science |
| 9 (RLIN) | 3122 |
| 650 ## - SUBJECT ADDED ENTRY--TOPICAL TERM | |
| Topical term or geographic name entry element | Political sociology |
| 9 (RLIN) | 2920 |
| 700 1# - ADDED ENTRY--PERSONAL NAME | |
| Personal name | Miller, David |
| Fuller form of name | (David Leslie) |
| 9 (RLIN) | 3123 |
| 700 1# - ADDED ENTRY--PERSONAL NAME | |
| Personal name | Siedentop, Larry |
| 9 (RLIN) | 3124 |
| 700 0# - ADDED ENTRY--PERSONAL NAME | |
| Personal name | A. Rahim Abdullah, |
| Dates associated with a name | 1948- |
| 9 (RLIN) | 3125 |
| 942 ## - ADDED ENTRY ELEMENTS (KOHA) | |
| Source of classification or shelving scheme | |
| Koha item type | Book |
| Withdrawn status | Lost status | Source of classification or shelving scheme | Damaged status | Not for loan | Collection code | Home library | Current library | Shelving location | Date acquired | Inventory number | Total Checkouts | Full call number | Barcode | Date last seen | Price effective from | Koha item type |
|---|---|---|---|---|---|---|---|---|---|---|---|---|---|---|---|---|
| NON-FICTION | AKMAL Melaka | AKMAL Melaka | PINJAMAN | 11.05.2017 | 302251 | 320 MIL | 201702923 | 11.05.2017 | 11.05.2017 | Book |
